Statistics for Southampton's 9-0 Starting 11 Versus Leicester

Click here to take the quiz!

General Stats

  • This quiz has been taken 7 times
  • The average score is 6 of 11

Answer Stats

Position(3-5-2)Answer% Correct
RCMJames Ward-Prowse
100%
RSTDanny Ings
86%
RCBJan Bednarek
86%
LCBJannik Vestergaard
57%
LMRyan Bertrand
57%
GKAngus Gunn
43%
CBMaya Yoshida
43%
LSTNathan Redmond
29%
CMOriol Romeu
29%
LCMPierre-Emile Højbjerg
29%
RMYan Valery
14%

Score Distribution

Percentile by Number Answered

Percent of People with Each Score

Your Score History

You have not taken this quiz